000 00547nam a2200181Ia 4500
008 100917s9999 xx 000 0 und d
082 _b12828
100 _aमहाजन जगन्नाथ
245 _aसात राजपुत्र
260 _bश्रीराम प्रकाशन
_c1971
300 _a32
365 _b0.5
520 _aबालविभाग
630 _aसात राजपुत्र
650 _aबालविभाग
730 _aसात राजपुत्र
942 _cBOOK
999 _c618222
_d618219